Statistics for 1940s Female Movie Stars by image

Click here to take the quiz!

General Stats

  • This quiz has been taken 239 times
  • The average score is 11 of 20

Answer Stats

Answer% Correct
Katharine Hepburn
94%
Judy Garland
91%
Elizabeth Taylor
81%
Bette Davis
80%
Lauren Bacall
80%
Lucille Ball
73%
Joan Crawford
69%
Vivien Leigh
64%
Ava Gardner
60%
Rita Hayworth
60%
Ingrid Bergman
56%
Veronica Lake
49%
Ginger Rogers
46%
Natalie Wood
45%
Hedy Lamarr
42%
Lana Turner
42%
Joan Fontaine
34%
Greer Garson
30%
Betty Grable
27%
Gene Tierney
21%

Score Distribution

Percentile by Number Answered

Percent of People with Each Score

Your Score History

You have not taken this quiz